000
00202 a2200097 4500
001
8621
100
_a
A.H.Suhrawardy
245
_a
Islam for mod.times
260
_a
_b
Ferozsons
_c
090
_c
6944
_d
6944
942
_a
NUST-CAE
_c
M
_c
33538
999
_c
243694
_d
243694